Vasantha kaalam / (Record no. 332761)

MARC details
000 -LEADER
fixed length control field 00400cam a2200169ua 4500
020 ## - INTERNATIONAL STANDARD BOOK NUMBER
Terms of availability 3.50
041 ## - LANGUAGE CODE
Language code of text/sound track or separate title mal
Language code of original
082 ## - DEWEY DECIMAL CLASSIFICATION NUMBER
Classification number 894.812308
Item number JAR/VA
100 ## - MAIN ENTRY--PERSONAL NAME
Personal name Jargi, Gulia .
245 ## - TITLE STATEMENT
Title Vasantha kaalam /
Statement of responsibility, etc. Jargi Gulia.
Medium Textual Documents
260 ## - PUBLICATION, DISTRIBUTION, ETC. (IMPRINT)
Place of publication, distribution, etc. Calicut :
Name of publisher, distributor, etc. P.K Brothers ,
Date of publication, distribution, etc. 1962.
300 ## - PHYSICAL DESCRIPTION
Extent 294 ; .
365 ## - TRADE PRICE
Price type code 3.50
504 ## - BIBLIOGRAPHY, ETC. NOTE
Bibliography, etc
942 ## - ADDED ENTRY ELEMENTS (KOHA)
Koha item type Books (General)
Holdings
Withdrawn status Lost status Damaged status Not for loan Home library Current library Date acquired Total Checkouts Full call number Barcode Date last seen Price effective from Koha item type
        Kelappaji College of Agricultural Engineering & Technology Library, Tavanur Kelappaji College of Agricultural Engineering & Technology Library, Tavanur 07/04/2012   894.812308 KAU_KCAEFT-1503 26/07/2019 07/04/2012 Books (General)
Kerala Agricultural University Central Library
Thrissur-(Dt.), Kerala Pin:- 680656, India
Ph : (+91)(487) 2372219
E-mail: librarian@kau.in
Website: http://library.kau.in/